000 00866nam a2200253Ia 4500
005 20211111080511.0
008 130821s1991 mx gr spa
020 _a9688803790
020 _a9789688803790
040 _aCo-BoUCM
_bspa
_cSaul Niño (Modificó)
_d[Nuevo]
041 0 0 _aspa
100 1 _aGiancoli, Douglas C.
_986003
245 1 0 _aFísica principios con aplicaciones
_cDouglas C. Giancoli; traducción Virgilio González Pozo
250 _a3a ed
260 _aMéxico D.F. (México)
_bPrentice-Hall Hispanoamerica
_c1991
300 _a700 páginas
650 0 4 _aCiencias naturales
_910813
650 0 4 _aDinámica
_913281
650 0 4 _aFísica
_915907
650 0 4 _aTeoría del movimiento ondulatorio
_925313
700 1 _aGonzález Pozo, Virgilio
_986004
942 _cLIBRO
_a25
_e3
_mG433f
_2DEWEY
_h530
_n0
999 _c59250
_d59250